01217 am a2200277ua 450000100100000000500170001000800410002702000210006802000180008904000110010704300120011808200230013010000380015324501890019126000900038030000400047050000240051065000480053465300250058265500240060770000830063171000600071494200230077499900170079795201250081400879050520140302114059.0870408s1987 xxko gr 001 0 eng d a0851951422 (pbk) a9780851951423 aUkcUk ae-uk---04a334.50941222bBIR1 aBirchall, Johnston,d1951-93509410aSave our shop :bthe fall and rise of the small co-operative store : a report /cby Johnston Birchall for the Society for Co-operative Studies ; with an introduction by R .L. Marshall. aManchester, United Kingdom :bHolyoake Books,c1987f(The Co-operative Press Limited) axiii, 109 p. :bphotograph ;c21cm. aIndex : p. 106-109. 0aConsumer cooperativeszGreat Britain935096 bBUSECOcFebruary2014 vreading book9342321 935097aMarshall, R. L.d1936-eauthor of introduction, etc.q(Rodney Leonard),2 aSociety for Co-operative Studies (Great Britain)935095 2ddck334.50941 BIR c18039d18011 00102ddc40708Donation-GaMAINbMAINc1STd2014-02-05eDonationl0o334.50941 BIRp000035593r2025-07-15 00:00:00yBB